| 000 | 01419nam a2200325 c 4500 | ||
|---|---|---|---|
| 003 | BLK | ||
| 005 | 20180422095831.0 | ||
| 008 | 180407b bul|||||r ||||||| ||bul|| | ||
| 010 | _aKNG00031778000 | ||
| 020 |
_a954-739-104-6 _bиздат.: Захарий Стоянов |
||
| 040 | _aBLK | ||
| 041 |
_aBUL _cBUL |
||
| 080 |
_aБългарска литература _b821.163.2 _x-311.6 _z821.163.2-311.6 |
||
| 100 | 1 |
_aРобанов, Иван _eпърви автор _gДимитров, Иван Георгиев _9365227 |
|
| 700 | 1 |
_aДимитров, Иван Георгиев _e* _9366398 |
|
| 139 |
_aРобанов, Иван _bР 68 |
||
| 245 | 1 | 0 |
_aЧерната джамия _bРоман _cИван Робанов; * Иван Георгиев Димитров. |
| 257 | _aBGR | ||
| 260 |
_аСофия _bЗахарий Стоянов _c2000 _fСофия : Вулкан 4 |
||
| 300 |
_a470 с. _c20 см |
||
| 380 | _aX | ||
| 490 | 1 |
_aКръстовден _vКн. 2 |
|
| 500 | _aИван Робанов - псевд. на Иван Георгиев Димитров. Романът е кн. 2 от трилогията Кръстовден, Черната джамия, Света София. | ||
| 653 | _aисторически романи | ||
| 852 | _aЦб 196470 | ||
| 856 | 4 |
_qpdf _u |
|
| 856 | 4 |
_qpdf _u |
|
| 942 |
_cKNG _n0 |
||
| 944 |
_aCR _c25.03.2003 _lф / _kЛюдмила_Стоянова |
||
| 944 |
_aED _c24.01.2014 _lф / _k |
||
| 999 |
_c29167 _d29167 |
||